[Event "Barcelona op-B"]
[Site "Barcelona"]
[Date "1998.??.??"]
[Round "8"]
[White "Law, Peter"]
[Black "Rodes Bach, A."]
[Result "1-0"]
[WhiteElo "1970"]
[BlackElo "2045"]
[PlyCount "33"]
[EventDate "1998.??.??"]
[EventType "swiss"]
[EventRounds "8"]
[EventCountry "ESP"]
[SourceTitle "EXT 2019"]
[Source "ChessBase"]
[SourceDate "2018.10.10"]
[SourceVersion "1"]
[SourceVersionDate "2018.10.10"]
[SourceQuality "1"]

1. e4 e6 2. d4 d5 3. Nd2 Nf6 4. e5 Nfd7 5. Ngf3 c5 6. c3 Nc6 7. Bd3 Qb6 8. 0-0 cxd4 9. cxd4 f6 10. a3 Nxd4 11. Nxd4 Qxd4 12. Nf3 Qg4 13. h3 Qh5 14. exf6 gxf6 15. Re1 Ne5 16. Bb5+ Kf7 17. Nxe5+ 1-0

[Event "Barcelona op-B"]
[Site "Barcelona"]
[Date "1998.??.??"]
[Round "7"]
[White "Rodes Bach, A."]
[Black "Perez Alonso, Jeronimo"]
[Result "0-1"]
[WhiteElo "2045"]
[BlackElo "2035"]
[PlyCount "103"]
[EventDate "1998.??.??"]
[EventType "swiss"]
[EventRounds "8"]
[EventCountry "ESP"]
[SourceTitle "EXT 2019"]
[Source "ChessBase"]
[SourceDate "2018.10.10"]
[SourceVersion "1"]
[SourceVersionDate "2018.10.10"]
[SourceQuality "1"]

1. c4 Nf6 2. Nc3 g6 3. Nf3 Bg7 4. e4 d6 5. d4 0-0 6. Be2 e5 7. 0-0 Nc6 8. d5 Ne7 9. Nd2 Nd7 10. b4 a5 11. bxa5 Rxa5 12. Nb3 Ra8 13. Be3 b6 14. a4 f5 15. f3 Nc5 16. Qc2 f4 17. Bxc5 bxc5 18. Nb5 g5 19. Ra3 Rf6 20. Nd2 Rg6 21. Rfa1 h5 22. h3 g4 23. fxg4 hxg4 24. Bxg4 Bxg4 25. hxg4 c6 26. Nc3 Rxg4 27. Nf3 Qe8 28. a5 Qh5 29. Qf2 Kf7 30. a6 Bf6 31. Ne2 Bh4 32. Nxh4 Rxh4 33. Kf1 cxd5 34. cxd5 c4 35. a7 Rh1+ 36. Ng1 Qg4 37. Qf3 Qd7 38. g4 Rh2 39. Nh3 Qb5 40. Qc3 Qc5 41. Ra4 Rh1+ 42. Kg2 Rxa1 43. Qxa1 Qe3 44. Nf2 Qg3+ 45. Kf1 f3 46. Qa2 Qg2+ 47. Ke1 Qg1+ 48. Kd2 Qxf2+ 49. Kc3 Qd4+ 50. Kb4 Qxe4 51. Qa1 Nxd5+ 52. Kb5 0-1